Statistics for Geography of the Japanese Empire

Click here to take the quiz!

General Stats

  • This quiz has been taken 336 times
  • The average score is 15 of 20

Answer Stats

QuestionAnswer% Correct
What naval base was attacked by Japanese airforces in December 7, 1941?Pearl Harbor
97%
The atomic bombings of what two cities resulted in Japan's surrender to the Allies?Hiroshima
95%
The atomic bombings of what two cities resulted in Japan's surrender to the Allies?Nagasaki
94%
What unified kingdom was annexed by Japan in 1910?Korea
90%
What country became independent from the Dutch after the end of its Japanese rule?Indonesia
86%
In what city were over 300,000 Chinese massacred in 1937?Nanjing
82%
What Japanese puppet state was established in northern China in 1932?Manchukuo
78%
What independent country allied with Japan and let Japanese troops to pass through it?Thailand
76%
What Australian city was bombarded by Japan in 1942?Darwin
74%
On what Japanese Pacific island did five marines iconically raise an American flag?Iwo Jima
73%
What Japanese indigenous religion were the people in Japanese
colonies forced to practice?
Shinto
73%
In what city were 80,000 British soldiers captured when it fell to the Japanese in WWII?Singapore
71%
From what country did Japan take most of its Pacific islands in 1919?Germany
70%
What country nearly lost its entire Pacific fleet in a disastrous war with Japan?Russia
70%
Which American general led the Allied occupation of Japan durign World War II?Douglas MacArthur
64%
In what Pacific atoll did Japan lose four carriers in 1942?Midway
64%
What group of Indian islands were occupied by Japan in 1942?Andaman Islands
61%
In what city did the movie "Empire of the Sun" take place, when it was being
occupied by the Japanese forces?
Shanghai
55%
During the construction of a bridge over what river were about 250,000 Allied prisoners
subjected to forced labour? (hint: 1957 war-drama)
River Kwai
53%
What city was given the name "Keijō", when it was under Japanese rule?Seoul
47%

Score Distribution

Percentile by Number Answered

Percent of People with Each Score

Your Score History

You have not taken this quiz